Seminár Nové poznatky získané pri prieskume ložísk uhľovodíkov v ČSFR

Bibliographic Details
Format: Article
Language:Slovak

MARC

LEADER 00000nab a2200000uu 4500
001 vtls010890508
003 SK-MaSNL
005 20260225204734.0
008 230222|1992 xo |||||||||||||||||slo|
015 |a SNBRB 
035 |a (urnnbn)urn:nbn:sk:snk:ar-0078sf 
035 |a (uuid)3ece2f65-7362-48e9-9648-ec793714262c 
035 |a urn:nbn:sk:snk-ab8kio 
040 |a SNKBUCL  |b slo  |c SNKBUCL  |e AACR2 
041 0 |a slo 
044 |a xo  |c SK 
245 0 0 |a Seminár Nové poznatky získané pri prieskume ložísk uhľovodíkov v ČSFR 
773 0 |t Mineralia Slovaca : časopis pre regionálnu a environmentálnu geológiu a aktivity Slovenskej geologickej spoločnosti a geologických asociácií  |g Roč. 24, č. 3-4 (1992), s. 311-322 
954 |a odborná, vedecká literatúra pôvodná (slovenská)  |2 lita 
958 |a OND 
958 |a EUIPO 
958 |a article10 
999 |c 2001908  |d 2003838